000 02006nam0a2200361 4500
001 RU\NLR\bibl\797466
005 20260407143723.0
010 _a5-246-00700-6
021 _aRU
_b2005-691
_934
035 _a(NLR Aleph) 000786664
090 _a1095853
_c1095853
100 _a20050512d2004 |||y0rusy50 ca
101 0 _arus
102 _aRU
105 _ay |||||||||
200 1 _aБизнес-карта 2004. [Промышленность. Отрасль]. Страны СНГ. [Деловые справочники]. Том 19
_iЛесная и деревообрабатывающая промышленность: лесоматериалы, фанера, ДСП, ДВП, спички, пиломатериалы, тара деревянная
_fАгентство деловой информации [Бизнес-карта]
210 _aМосква
_cАДИ "Бизнес-карта"
_d2004
215 _a382,[1] с.
_d20
300 _aНа обл. только част. загл. тома в сокр. виде
320 _aАлф. указ. по видам продукции и услуг: с. 7-18
320 _aОрасл. указ. предприятий по обл., респ.: с. 19-70
320 _aАлф. указ. сырья и материалов: с. 71-72
320 _aАлф. указ. предприятий: с. 73-102
606 1 _aЛесная промышленность
_jБизнес-карты
_yСтраны СНГ
_92137205
_3RU\NLR\auth\661288584
606 1 _aДеревообрабатывающая промышленность
_jБизнес-карты
_yСтраны СНГ
_92140213
_3RU\NLR\auth\661290047
686 _aУ30(2)61я2
686 _aУ30(2)616.51я2
712 0 2 _4570
_a"Бизнес-карта", агентство деловой информации
_cМосква
_3RU\NLR\AUTH\8810016251
_9530346
801 0 _aRU
_bNLR
_c20050512
_grcr
801 1 _aRU
_bNLR
_c20050512
942 _cBOOK
980 _aNB